Manual Interactivo 9ºano (Registo nº 1178)

Detalhes MARC
000 -Etiqueta do registo
Cabeçalho 00934nlm a2200241 4500
005 - Identificador da versão
Campo de controlo 20240813121827.0
100 ## - Dados gerais de processamento
Dados gerais de processamento 20101022c d y0pory5003 ba
102 ## - Pais de publicação ou produção
País de publicação Portugal
101 0# - Língua de publicação
Língua do texto, banda sonora, etc. Português
215 ## - Descrição física 
Indicação específica da natureza do documento e extensão da espécie 1 disco óptico (DVD-ROM) em caixa
200 1# - Titulo e menção de responsabilidade
Título próprio Manual Interactivo 9ºano
Indicação geral da natureza do documento recurso electrónico
Informação de outro título 9º ano
-- 7 disciplinas
-- Matemática; Língua Portuguesa; Ciências Naturais; Ciências Físico-Químicas; Inglês; História; Geografia
Primeira menção de responsabilidade Porto Multimedia
225 ## - Colecção 
Título próprio da colecção escola virtual
205 ## - Menção da edição
Menção da edição 1ª ed.
210 ## - Publicação, Distribuição, etc. 
Lugar da edição, distribuição, etc. Porto
Nome do editor, distribuidor, etc. P.E.M.
Data da publicação, distribuição, etc. D.L. 2007
337 ## - Nota relativa a pormenores técnicos (ficheiros de computador) (provisória) 
Texto da nota Requisitos do sistema: Processador a 800 MHz; 245 MB de memória RAM; Leitor de DVD-ROM; Placa de Som; Placa Gráfica
336 ## - Nota relativa ao tipo de ficheiro de computador (provisória) 
Texto da nota software desenvolvido para Windows XP (SP2) e Windows Vista
304 ## - Notas relativas a título e menção de responsabilidade 
Texto da nota tit. retirado da capa
675 ## - Classificação Decimal Universal (CDU)
Notação 51(079)(086.8)
Edição BN
Língua da edição por
942 ## - Elementos de entrada adicionados (Koha)
Tipo de item no Koha Livro
Exemplares
Situação do levantamento Origin of item (home branch) (coded) Biblioteca de empréstimo Código de barras Cota Circulation type (not for loan) Tipo de documento Nota do exemplar Damaged status
  Biblioteca Escolar Eng. Nuno Mergulhão Biblioteca Escolar Eng. Nuno Mergulhão BENM2132 2132 DVDR   Livro Sem mensagem